Tiger Warrior: (Record no. 78421)

MARC details
000 -LEADER
fixed length control field 00724nam a22002057a 4500
005 - DATE AND TIME OF LATEST TRANSACTION
control field 20130814162522.0
010 ## - LCCN (DPL NO)
LC control number B-504820-822
020 ## - INTERNATIONAL STANDARD BOOK NUMBER
International Standard Book Number 9780670086382
Terms of availability 499.00
035 ## - SYSTEM CONTROL NUMBER
System control number B-504820-822
037 ## - SOURCE OF ACQUISITION
Stock number KKP/VEN
082 ## - DEWEY DECIMAL CLASSIFICATION NUMBER
Classification number 383.9516092
100 ## - MAIN ENTRY--PERSONAL NAME
Personal name Taraporewala, Soonoo
245 ## - TITLE STATEMENT
Title Tiger Warrior:
Statement of responsibility, etc by Soonoo Taraporewala
Remainder of title Fateh singh rathore of ranthambhore/
260 ## - PUBLICATION, DISTRIBUTION, ETC. (IMPRINT)
Place of publication, distribution, etc New Delhi
Name of publisher, distributor, etc Penguin
Date of publication, distribution, etc 2012
270 ## - ADDRESS
Address 11 community centre, panchsheel park
City New Delhi
Postal code 110017
300 ## - PHYSICAL DESCRIPTION
Extent xxvi,230p.
Dimensions 16cm.(pbk)
Other physical details col,ill.
500 ## - GENERAL NOTE
General note include index
942 ## - ADDED ENTRY ELEMENTS (KOHA)
Source of classification or shelving scheme Dewey Decimal Classification
Item type English Books
Call number suffix TAR
Classification part 333.951609
Holdings
Withdrawn status Lost status Not for loan Collection code Home library Current library Date acquired Source of acquisition Cost, normal purchase price Full call number Barcode Copy number Cost, replacement price Koha item type
      Non-fiction Central Library Central Library 14/08/2013 KKP/BL2985/11.03.2013/172/11.03.2013/20.03.013 499.00 333.951609 TAR B-504820 1 499.00 English Books
      Non-fiction Janak Puri Janak Puri 14/08/2013 KKP/BL2985/11.03.2013/172/11.03.2013/20.03.013 499.00 333.951609 TAR B-504822 1 499.00 English Books
      Non-fiction Patel Nagar Patel Nagar 14/08/2013 KKP/BL2985/11.03.2013/172/11.03.2013/20.03.013 499.00 333.951609 TAR B-504821 1 499.00 English Books

© Delhi Public Library
Hit Counter
free hit counter